Noli Me Tangere / (Record no. 8363)
[ view plain ]
| 000 -LEADER | |
|---|---|
| fixed length control field | 00545nam a22002057a 4500 |
| 003 - CONTROL NUMBER IDENTIFIER | |
| control field | OSt |
| 005 - DATE AND TIME OF LATEST TRANSACTION | |
| control field | 20140310182021.0 |
| 008 - FIXED-LENGTH DATA ELEMENTS--GENERAL INFORMATION | |
| fixed length control field | 130731t xxu||||| |||| 00| 0 eng d |
| 020 ## - INTERNATIONAL STANDARD BOOK NUMBER | |
| International Standard Book Number | 9789715847650 |
| 050 ## - LIBRARY OF CONGRESS CALL NUMBER | |
| Classification number | DS 675.8 |
| Item number | .R627 2008 |
| 082 ## - DEWEY DECIMAL CLASSIFICATION NUMBER | |
| Classification number | FIL 899.2103 |
| Item number | C84 2008 |
| 100 ## - MAIN ENTRY--PERSONAL NAME | |
| Personal name | Rizal, Jose |
| 245 ## - TITLE STATEMENT | |
| Title | Noli Me Tangere / |
| Statement of responsibility, etc | Jose P. Rizal. |
| 260 ## - PUBLICATION, DISTRIBUTION, ETC. (IMPRINT) | |
| Place of publication, distribution, etc | Quezon City, Philippines : |
| Name of publisher, distributor, etc | C&E, |
| Date of publication, distribution, etc | c2008. |
| 300 ## - PHYSICAL DESCRIPTION | |
| Extent | 545 p. : |
| Other physical details | ill. ; |
| Dimensions | 25 cm. |
| 562 ## - COPY AND VERSION IDENTIFICATION NOTE | |
| Number of copies | 1 |
| 650 ## - SUBJECT ADDED ENTRY--TOPICAL TERM | |
| Topical term or geographic name as entry element | Literature |
| General subdivision | Philippines |
| 942 ## - ADDED ENTRY ELEMENTS (KOHA) | |
| Source of classification or shelving scheme | Library of Congress Classification |
| Koha item type | Books |
| Withdrawn status | Lost status | Source of classification or shelving scheme | Damaged status | Home library | Current library | Shelving location | Date acquired | Total Checkouts | Total Renewals | Full call number | Barcode | Date last seen | Date checked out | Copy number | Price effective from | Koha item type | Source of acquisition |
|---|---|---|---|---|---|---|---|---|---|---|---|---|---|---|---|---|---|
| Library of Congress Classification | Luxembourg Library | Luxembourg Library | Filipiniana Section | 07/31/2013 | 5 | 2 | DS 675.8 .R627 2008 | 19026 | 05/16/2023 | 05/03/2023 | 1 | 07/31/2013 | Books | ||||
| Library of Congress Classification | Luxembourg Library | Luxembourg Library | Filipiniana Section | 07/11/2016 | 2 | DS 675.8 .R627 2008 | 20263 | 02/20/2025 | 02/18/2025 | 07/11/2016 | Books | Library Fund |